| 000 -LEADER |
| fixed length control field |
00790nam a2200265 a 4500 |
| 008 - FIXED-LENGTH DATA ELEMENTS--GENERAL INFORMATION |
| fixed length control field |
191218t2012 xxua|||g |||| 001 0 eng d |
| 020 ## - INTERNATIONAL STANDARD BOOK NUMBER |
| International Standard Book Number |
9780415811460 |
| Terms of availability |
£ 28.00 |
| 040 ## - CATALOGING SOURCE |
| Original cataloging agency |
IMU Kochi Library |
| Language of cataloging |
eng |
| 041 0# - LANGUAGE CODE |
| Language code of text/sound track or separate title |
eng |
| 044 ## - COUNTRY OF PUBLISHING/PRODUCING ENTITY CODE |
| MARC country code |
United States |
| 082 04 - DEWEY DECIMAL CLASSIFICATION NUMBER |
| Edition number |
23 |
| Classification number |
330.954 |
| Item number |
Ah52 |
| 245 10 - TITLE STATEMENT |
| Title |
India's New Economic Policy : |
| Sub Title |
a critical analysis / |
| 260 ## - PUBLICATION, DISTRIBUTION, ETC. (IMPRINT) |
| Place of publication, distribution, etc |
New York : |
| Name of publisher, distributor, etc |
Routledge , |
| Date of publication, distribution, etc |
2012. |
| 300 ## - PHYSICAL DESCRIPTION |
| Extent |
xii, 321 p. : |
| Other physical details |
ill. ; |
| Dimensions |
23 cm |
| 504 ## - BIBLIOGRAPHY, ETC. NOTE |
| Bibliography, etc |
Includes Index. |
| 650 #0 - SUBJECT ADDED ENTRY--TOPICAL TERM |
| Topical term or geographic name as entry element |
Economic development |
| Geographic subdivision |
India |
| 650 #0 - SUBJECT ADDED ENTRY--TOPICAL TERM |
| Topical term or geographic name as entry element |
Economic conditions |
| Geographic subdivision |
India |
| 650 #0 - SUBJECT ADDED ENTRY--TOPICAL TERM |
| Topical term or geographic name as entry element |
Economic policy |
| Geographic subdivision |
India |
| 700 ## - ADDED ENTRY--PERSONAL NAME |
| Personal name |
Ahmed, Waquar |
| Relator term |
Editor |
| 700 ## - ADDED ENTRY--PERSONAL NAME |
| Personal name |
Kundu, Amitabh |
| Relator term |
Editor |
| 700 ## - ADDED ENTRY--PERSONAL NAME |
| Personal name |
Peet, Richard |
| Relator term |
Editor |
| 852 ## - LOCATION/CALL NUMBER |
| Location |
IMU Kochi Library |
| 904 ## - LOCAL DATA ELEMENT D, LDD (RLIN) |
| CATALOGER |
Akhil Bose |
| 942 ## - ADDED ENTRY ELEMENTS (KOHA) |
| Item type |
Books |